[Event "ESP-ch Seniors 65"]
[Site "Altea"]
[Date "2021.11.01"]
[Round "3"]
[White "Campos Calvo, Sotelo Juan"]
[Black "Mancebo Ibanez, Fernando"]
[Result "0-1"]
[WhiteElo "1807"]
[BlackElo "2081"]
[PlyCount "89"]
[EventDate "2021.10.31"]
[EventType "swiss"]
[EventRounds "9"]
[EventCountry "ESP"]
[SourceTitle "CBM 205 Extra"]
[Source "ChessBase"]
[SourceDate "2022.01.31"]
[SourceVersion "1"]
[SourceVersionDate "2022.01.31"]
[SourceQuality "1"]

1. b4 e5 2. a3 d5 3. e3 Nf6 4. c4 a5 5. b5 Be6 6. cxd5 Nxd5 7. Bb2 Bd6 8. Nf3 Nd7 9. d4 e4 10. Nfd2 0-0 11. Nc4 f5 12. Nxd6 cxd6 13. g3 Rc8 14. Be2 Qc7 15. Nd2 Qc2 16. Rb1 Qxd1+ 17. Bxd1 Nc3 18. Bxc3 Rxc3 19. a4 Rfc8 20. 0-0 b6 21. Bb3 Bxb3 22. Nxb3 R8c4 23. d5 Rxa4 24. Nd4 g6 25. Rfc1 Rac4 26. Rxc3 Rxc3 27. Nc6 Kf7 28. Nxa5 bxa5 29. Ra1 Rc5 30. Rxa5 Rxd5 31. Ra7 Ke6 32. b6 Nxb6 33. Rxh7 Rd2 34. h4 Nd7 35. h5 gxh5 36. Rxh5 Nf6 37. Rh6 Ke5 38. Rh8 Ng4 39. Re8+ Kd5 40. Ra8 Rxf2 41. Ra5+ Ke6 42. Ra3 Rf3 43. Kg2 Nxe3+ 44. Kh3 f4 45. Kh4 0-1

[Event "Madrid-ch Seniors 50"]
[Site "Madrid"]
[Date "2020.01.20"]
[Round "6"]
[White "Maseda Iglesias, Luis"]
[Black "Campos Calvo, Sotelo Juan"]
[Result "0-1"]
[WhiteElo "1722"]
[BlackElo "1850"]
[PlyCount "48"]
[EventDate "2020.01.13"]
[EventType "swiss"]
[EventRounds "9"]
[EventCountry "ESP"]
[SourceTitle "CBM 194 Extra"]
[Source "ChessBase"]
[SourceDate "2020.03.31"]
[SourceVersion "1"]
[SourceVersionDate "2020.03.31"]
[SourceQuality "1"]

1. d4 b5 2. e4 a6 3. Nf3 Bb7 4. Bd3 Nf6 5. Qe2 e6 6. 0-0 c5 7. c3 cxd4 8. cxd4 Nc6 9. Nbd2 Rc8 10. Re1 Nb4 11. Nf1 Nxd3 12. Qxd3 h6 13. Bd2 d5 14. exd5 Nxd5 15. Rac1 Bd6 16. Ng3 0-0 17. Ne4 Nf4 18. Rxc8 Bxc8 19. Qc2 Bb8 20. Bb4 Re8 21. Ne5 Bb7 22. Nf3 f5 23. Ned2 Qf6 24. Qc5 Nd3 0-1

[Event "Madrid-ch Seniors 50"]
[Site "Madrid"]
[Date "2019.01.16"]
[Round "8"]
[White "Campos Calvo, Sotelo Juan"]
[Black "Largo Barbero, Benito"]
[Result "1-0"]
[WhiteElo "1811"]
[BlackElo "1872"]
[PlyCount "49"]
[EventDate "2019.01.07"]
[EventType "swiss"]
[EventRounds "9"]
[EventCountry "ESP"]
[SourceTitle "CBM 188 Extra"]
[Source "ChessBase"]
[SourceDate "2019.02.26"]
[SourceVersion "1"]
[SourceVersionDate "2019.02.26"]
[SourceQuality "1"]

1. b4 e5 2. a3 d5 3. e3 Bd6 4. c4 c6 5. Bb2 Nf6 6. Nf3 Nbd7 7. Nc3 0-0 8. Rc1 e4 9. Nd4 Ne5 10. cxd5 cxd5 11. h3 Re8 12. Ncb5 Bb8 13. Qc2 Re7 14. Qxc8 Bc7 15. Qxd8+ Bxd8 16. Nf5 Re8 17. Nbd6 Re6 18. Nxb7 Bb6 19. Nc5 Bxc5 20. Rxc5 Nfd7 21. Rxd5 Rc8 22. Nd4 Rg6 23. Bb5 Nd3+ 24. Bxd3 Nb6 25. Bxe4 1-0

[Event "Madrid Tajamar Easter op-A"]
[Site "Madrid"]
[Date "2018.03.25"]
[Round "5"]
[White "Campos Calvo, Sotelo Juan"]
[Black "Alonso Abad, Enrique"]
[Result "0-1"]
[WhiteElo "2039"]
[BlackElo "1927"]
[PlyCount "56"]
[EventDate "2018.03.22"]
[EventType "swiss"]
[EventRounds "7"]
[EventCountry "ESP"]
[SourceTitle "EXT 2019"]
[Source "ChessBase"]
[SourceDate "2018.10.10"]
[SourceVersion "1"]
[SourceVersionDate "2018.10.10"]
[SourceQuality "1"]

1. d4 f5 2. c4 Nf6 3. Nc3 e6 4. g3 Bb4 5. Bg2 0-0 6. Qb3 c5 7. a3 cxd4 8. axb4 dxc3 9. bxc3 Ne4 10. Nf3 Qf6 11. Nd4 Nc6 12. Bb2 Qg6 13. Nxc6 dxc6 14. Qc2 e5 15. 0-0 Be6 16. c5 Bc4 17. Rfd1 Qh5 18. Rd7 Bxe2 19. c4 Rad8 20. Rxd8 Rxd8 21. Re1 Nd2 22. f3 Bxf3 23. Re3 Bxg2 24. Kxg2 Ne4 25. Re2 Ng5 26. Rf2 Qh3+ 27. Kg1 e4 28. Qe2 e3 0-1

[Event "Madrid-ch Seniors 65 1718"]
[Site "Madrid"]
[Date "2018.01.23"]
[Round "2"]
[White "Pastor Alonso de Prado, Emilio Alberto"]
[Black "Campos Calvo, Sotelo Juan"]
[Result "0-1"]
[WhiteElo "2190"]
[BlackElo "1851"]
[PlyCount "114"]
[EventDate "2018.01.22"]
[EventType "swiss"]
[EventRounds "7"]
[EventCountry "ESP"]
[SourceTitle "EXT 2020"]
[Source "ChessBase"]
[SourceDate "2019.10.17"]
[SourceVersion "1"]
[SourceVersionDate "2019.10.17"]
[SourceQuality "1"]

1. e4 a6 2. d4 b5 3. Nd2 e6 4. a4 b4 5. Ngf3 c5 6. Bd3 Nf6 7. e5 Nd5 8. Ne4 cxd4 9. 0-0 Bb7 10. Nfg5 Nc6 11. Nxf7 Kxf7 12. Ng5+ Ke7 13. Nxh7 Nxe5 14. Be4 Qc7 15. Qxd4 Kd8 16. Ng5 Kc8 17. Bxd5 Bxd5 18. Bf4 Bd6 19. Bg3 Nc6 20. Qxg7 Kb7 21. f4 Rag8 22. Qf6 Be7 23. Qf7 Qd6 24. Rad1 Nd8 25. Rxd5 exd5 26. Qf5 Bxg5 27. fxg5 Qe6 28. Qf4 Nc6 29. Re1 Qg6 30. Qc7+ Ka8 31. Qxd7 Rh7 32. Qe6 Re7 33. Qxd5 Rxe1+ 34. Bxe1 Rd8 35. Qc4 Kb7 36. h4 Rd1 37. Qe2 Qd6 38. g6 Qd4+ 39. Kh2 Qe5+ 40. Qxe5 Nxe5 41. g7 Ng4+ 42. Kg3 Nh6 43. Bxb4 Nf5+ 44. Kg4 Nxg7 45. Bc3 Rd7 46. h5 Ne6 47. Kf5 Nf8 48. g4 Rf7+ 49. Bf6 Kc7 50. g5 Rh7 51. g6 Rxh5+ 52. Kg4 Rh1 53. Be5+ Kd7 54. g7 Rg1+ 55. Bg3 Nh7 56. Kf3 Nf6 57. Kf2 Rc1 0-1

[Event "Madrid-ch Seniors 65"]
[Site "Madrid"]
[Date "2017.01.25"]
[Round "4"]
[White "Campos Calvo, Sotelo Juan"]
[Black "Sanchez Lucena, Juan"]
[Result "1-0"]
[WhiteElo "1896"]
[BlackElo "1431"]
[PlyCount "53"]
[EventDate "2017.01.20"]
[EventType "swiss"]
[EventRounds "7"]
[EventCountry "ESP"]
[SourceTitle "CBM 176 Extra"]
[Source "ChessBase"]
[SourceDate "2017.03.02"]
[SourceVersion "1"]
[SourceVersionDate "2017.03.02"]
[SourceQuality "1"]

1. b4 e5 2. a3 d6 3. e3 Nf6 4. c4 b6 5. Bb2 c5 6. Be2 Bb7 7. Bf3 Bxf3 8. Nxf3 Be7 9. Nc3 0-0 10. b5 a5 11. Qc2 h6 12. 0-0-0 Ra7 13. Kb1 Nbd7 14. Nh4 Ng4 15. Qf5 Bxh4 16. Qxg4 Qg5 17. Qh3 Qd8 18. g3 Be7 19. f4 exf4 20. gxf4 Nf6 21. Rhg1 Qd7 22. Qxh6 Qf5+ 23. Ka2 Qh7 24. Qxh7+ Kxh7 25. Rg3 g6 26. Nd5 Nxd5 27. Rh3+ 1-0

[Event "Madrid-ch Seniors 50"]
[Site "Madrid"]
[Date "2017.01.11"]
[Round "3"]
[White "Campos Calvo, Sotelo Juan"]
[Black "Casares Ripoll, Fernando"]
[Result "0-1"]
[WhiteElo "1896"]
[BlackElo "2124"]
[PlyCount "68"]
[EventDate "2017.01.09"]
[EventType "swiss"]
[EventRounds "9"]
[EventCountry "ESP"]
[SourceTitle "CBM 176 Extra"]
[Source "ChessBase"]
[SourceDate "2017.03.02"]
[SourceVersion "1"]
[SourceVersionDate "2017.03.02"]
[SourceQuality "1"]

1. b4 e5 2. a3 d5 3. e3 Nf6 4. c4 c6 5. Bb2 Bd6 6. Nf3 Qe7 7. Nc3 Bg4 8. Qb3 d4 9. Ne2 Bxf3 10. gxf3 c5 11. Ng3 g6 12. b5 Nbd7 13. Bh3 0-0-0 14. a4 Kb8 15. a5 Rhe8 16. 0-0 h5 17. Bg2 h4 18. Ne4 Nxe4 19. fxe4 g5 20. h3 Nf6 21. a6 b6 22. exd4 exd4 23. f4 Nxe4 24. Qf3 g4 25. hxg4 h3 26. Qxh3 Nxd2 27. Rae1 Qxe1 28. Rxe1 Rxe1+ 29. Kf2 Rde8 30. Qh6 R1e6 31. Qg5 Re4 32. Qd5 Rxf4+ 33. Bf3 Rxf3+ 34. Kg2 Re2+ 0-1

[Event "ESP-ch Seniors 65"]
[Site "Altea"]
[Date "2016.10.16"]
[Round "9"]
[White "Mayer Schwartz, Rene"]
[Black "Campos Calvo, Sotelo Juan"]
[Result "0-1"]
[WhiteElo "1982"]
[BlackElo "1832"]
[PlyCount "86"]
[EventDate "2016.10.09"]
[EventType "swiss"]
[EventRounds "9"]
[EventCountry "ESP"]
[SourceTitle "EXT 2024"]
[Source "ChessBase"]
[SourceDate "2023.10.10"]
[SourceVersion "1"]
[SourceVersionDate "2023.10.10"]
[SourceQuality "1"]

1. c4 Nc6 2. d4 d6 3. Nc3 e5 4. e3 f5 5. Nf3 e4 6. d5 exf3 7. dxc6 bxc6 8. Qxf3 Bd7 9. Bd3 Ne7 10. e4 Qc8 11. Bg5 Rb8 12. b3 g6 13. Bf6 Rg8 14. 0-0 Bg7 15. Bxg7 Rxg7 16. Rfe1 Kd8 17. c5 Qb7 18. Bc4 Qb4 19. cxd6 cxd6 20. Red1 Kc7 21. Rac1 Rd8 22. Qe3 Kb8 23. Qd4 d5 24. Qxg7 dxc4 25. Qd4 fxe4 26. Qxc4 Qa5 27. Qxe4 Nf5 28. Na4 Re8 29. Qc4 Re7 30. h3 h5 31. Qc5 Qc7 32. Qb4+ Ka8 33. g4 hxg4 34. hxg4 Rh7 35. f4 Ng3 36. Kg2 Ne2 37. Rc4 c5 38. Rxc5 Bc6+ 39. Kf2 Rh2+ 40. Ke3 Qe7+ 41. Kd3 Nc1+ 42. Rdxc1 Qe2+ 43. Kd4 Qe4+ 0-1

[Event "ESP-ch Seniors 65"]
[Site "Altea"]
[Date "2016.10.15"]
[Round "8"]
[White "Campos Calvo, Sotelo Juan"]
[Black "De Lucas Bello, Federico"]
[Result "1/2-1/2"]
[WhiteElo "1832"]
[BlackElo "1990"]
[PlyCount "54"]
[EventDate "2016.10.09"]
[EventType "swiss"]
[EventRounds "9"]
[EventCountry "ESP"]
[SourceTitle "EXT 2024"]
[Source "ChessBase"]
[SourceDate "2023.10.10"]
[SourceVersion "1"]
[SourceVersionDate "2023.10.10"]
[SourceQuality "1"]

1. b4 e5 2. a3 d5 3. e3 Nf6 4. c4 c6 5. Bb2 Bd6 6. Nf3 Qe7 7. Nc3 Nbd7 8. cxd5 cxd5 9. Nb5 0-0 10. Nxd6 Qxd6 11. Be2 Ne8 12. 0-0 f5 13. d4 e4 14. Ne5 g5 15. f4 exf3 16. gxf3 Rf6 17. Rf2 Ng7 18. Rg2 h6 19. Kh1 Nf8 20. Qb3 Be6 21. h4 Nh7 22. Rag1 Rc8 23. Qd3 Rc7 24. hxg5 Nxg5 25. Rh2 f4 26. exf4 Nh3 27. Qb5 Nxg1 1/2-1/2

[Event "ESP-ch Seniors 65"]
[Site "Altea"]
[Date "2016.10.14"]
[Round "7"]
[White "Dominguez Marquez, Cecilio"]
[Black "Campos Calvo, Sotelo Juan"]
[Result "1/2-1/2"]
[WhiteElo "2015"]
[BlackElo "1832"]
[PlyCount "136"]
[EventDate "2016.10.09"]
[EventType "swiss"]
[EventRounds "9"]
[EventCountry "ESP"]
[SourceTitle "EXT 2024"]
[Source "ChessBase"]
[SourceDate "2023.10.10"]
[SourceVersion "1"]
[SourceVersionDate "2023.10.10"]
[SourceQuality "1"]

1. d4 b5 2. Bf4 e6 3. e3 Bb7 4. Nf3 a6 5. Bd3 Nf6 6. Nbd2 d5 7. c3 Nbd7 8. Bg5 Be7 9. Ne5 Nxe5 10. dxe5 Nd7 11. Bxe7 Qxe7 12. f4 Qh4+ 13. g3 Qe7 14. 0-0 h5 15. Nf3 Nc5 16. Bc2 0-0-0 17. Qe2 Ne4 18. Rad1 c5 19. Nd2 Nxd2 20. Rxd2 Qc7 21. h4 f6 22. exf6 gxf6 23. Kh2 f5 24. a4 Qc6 25. axb5 axb5 26. Bd3 c4 27. Bc2 Rdg8 28. Rd4 Kc7 29. Bd1 Qd6 30. Qf2 Rg7 31. Rg1 Bc8 32. Bf3 Bd7 33. e4 fxe4 34. Bxe4 Qb6 35. Bf3 Rf7 36. Qe2 Rf5 37. Bg2 Qd6 38. Bh3 e5 39. fxe5 Rxe5 40. Qd1 Bxh3 41. Kxh3 Qe6+ 42. Kh2 Rf8 43. Rd2 Re8 44. Qf3 Re2+ 45. Rg2 Rxg2+ 46. Qxg2 Kc6 47. Qf3 Qe5 48. Kg2 Qe4 49. Qxe4 Rxe4 50. Kf3 Kc5 51. Rg2 Rg4 52. Re2 b4 53. Re5 bxc3 54. bxc3 Rg6 55. Rxh5 Rb6 56. Re5 Kd6 57. Re1 Rb3 58. Rc1 d4 59. Ke4 d3 60. Kd4 Rb2 61. Kxc4 Rg2 62. Rd1 d2 63. h5 Kc6 64. Kb3 Rxg3 65. Rxd2 Rh3 66. Rg2 Rxh5 67. Kb4 Rb5+ 68. Ka4 Rh5 1/2-1/2

[Event "Madrid-ch Seniors"]
[Site "Madrid"]
[Date "2016.01.18"]
[Round "6"]
[White "Campos Calvo, Sotelo Juan"]
[Black "Sotoca Aguado, Jose"]
[Result "1-0"]
[WhiteElo "1849"]
[BlackElo "1952"]
[PlyCount "73"]
[EventDate "2016.01.11"]
[EventType "swiss"]
[EventRounds "9"]
[EventCountry "ESP"]
[SourceTitle "EXT 2017"]
[Source "ChessBase"]
[SourceDate "2016.10.25"]
[SourceVersion "1"]
[SourceVersionDate "2016.10.25"]
[SourceQuality "1"]

1. b4 e5 2. a3 d5 3. e3 Nf6 4. c4 c6 5. Bb2 Bd6 6. Nf3 Qe7 7. Nc3 d4 8. Ne2 d3 9. Ng3 e4 10. Nd4 0-0 11. Ndf5 Bxf5 12. Nxf5 Qe6 13. Nxd6 Qxd6 14. g4 a5 15. g5 Nfd7 16. Bg2 f6 17. gxf6 Nxf6 18. Qb3 Nbd7 19. 0-0-0 c5 20. b5 Nb6 21. Kb1 Rae8 22. f3 exf3 23. Bxf3 Ne4 24. Rhg1 Rf7 25. Bxe4 Rxe4 26. Qc3 Ree7 27. Rg3 Na4 28. Qxa5 Nxb2 29. Kxb2 g6 30. Rdg1 Rf2 31. h4 Qf6+ 32. Kb3 b6 33. Qc3 Qf5 34. Rg5 Qe4 35. h5 Re6 36. hxg6 hxg6 37. R1g4 1-0

[Event "Madrid-ch Seniors"]
[Site "Madrid"]
[Date "2016.01.15"]
[Round "5"]
[White "Pastor Alonso de Prado, Emilio Alberto"]
[Black "Campos Calvo, Sotelo Juan"]
[Result "1-0"]
[WhiteElo "2115"]
[BlackElo "1849"]
[PlyCount "93"]
[EventDate "2016.01.11"]
[EventType "swiss"]
[EventRounds "9"]
[EventCountry "ESP"]
[SourceTitle "CBM 170 Extra"]
[Source "ChessBase"]
[SourceDate "2016.02.25"]
[SourceVersion "1"]
[SourceVersionDate "2016.02.25"]
[SourceQuality "1"]

1. e4 e6 2. d4 a6 3. Nf3 b5 4. Bd3 c5 5. c3 Bb7 6. 0-0 Nf6 7. Re1 Be7 8. a4 c4 9. Bc2 d5 10. e5 Nfd7 11. axb5 axb5 12. Rxa8 Bxa8 13. Nbd2 Nc6 14. Nf1 b4 15. Ng3 b3 16. Bb1 g6 17. Bh6 Bf8 18. Qd2 Bxh6 19. Qxh6 Qe7 20. h4 Qf8 21. Qf4 Qg7 22. h5 0-0 23. h6 Qh8 24. Ng5 Nd8 25. Qg4 f5 26. Qh4 Re8 27. Re3 Nf7 28. Nxe6 Rxe6 29. Nxf5 gxf5 30. Bxf5 Rxh6 31. Qf4 Nf8 32. e6 Qf6 33. exf7+ Kxf7 34. g4 Kg8 35. g5 Qg7 36. Re8 Bc6 37. Rc8 Bb7 38. Rc7 Rg6 39. Bxg6 Qxg6 40. Rxb7 h6 41. Rb8 Qg7 42. Rxf8+ Qxf8 43. Qxf8+ Kxf8 44. gxh6 Kg8 45. Kg2 Kh7 46. Kg3 Kxh6 47. Kf4 1-0

[Event "Gibraltar Challengers-B 11th"]
[Site "Caleta"]
[Date "2013.01.28"]
[Round "3"]
[White "Campos Calvo, Sotelo Juan"]
[Black "Dasaolu, Rotimi"]
[Result "1-0"]
[WhiteElo "1978"]
[BlackElo "2115"]
[PlyCount "67"]
[EventDate "2013.01.26"]
[EventType "swiss"]
[EventRounds "5"]
[EventCountry "GGB"]
[SourceTitle "EXT 2014"]
[Source "ChessBase"]
[SourceDate "2013.11.20"]
[SourceVersion "1"]
[SourceVersionDate "2013.11.20"]
[SourceQuality "1"]

1. b4 d5 2. e3 e5 3. a3 Bd6 4. c4 c6 5. Bb2 Be6 6. cxd5 cxd5 7. f4 f6 8. fxe5 fxe5 9. Nf3 Nd7 10. Bb5 Bg4 11. 0-0 Ngf6 12. Qb3 Qe7 13. Nc3 e4 14. Nh4 Qe5 15. g3 d4 16. Nxe4 Qxe4 17. Bxd4 Be6 18. Bc4 Bh3 19. Bf7+ Kd8 20. d3 Qe7 21. Nf5 Bxf5 22. Rxf5 Rf8 23. Be6 Re8 24. Bxd7 Kxd7 25. Qa4+ Kc8 26. e4 Nd7 27. b5 Kb8 28. Raf1 Rf8 29. Qb3 Rxf5 30. Rxf5 Nf6 31. e5 Bc5 32. Bxc5 Qxc5+ 33. Kg2 Nd7 34. Qf7 1-0

[Event "Gibraltar Challengers-B 11th"]
[Site "Caleta"]
[Date "2013.01.27"]
[Round "2"]
[White "Uran Bermudez, Oliver Kevin"]
[Black "Campos Calvo, Sotelo Juan"]
[Result "0-1"]
[WhiteElo "2111"]
[BlackElo "1978"]
[PlyCount "64"]
[EventDate "2013.01.26"]
[EventType "swiss"]
[EventRounds "5"]
[EventCountry "GGB"]
[SourceTitle "EXT 2014"]
[Source "ChessBase"]
[SourceDate "2013.11.20"]
[SourceVersion "1"]
[SourceVersionDate "2013.11.20"]
[SourceQuality "1"]

1. e4 e6 2. d4 a6 3. Bd3 b5 4. f4 c5 5. c3 cxd4 6. cxd4 Nf6 7. Nf3 Bb7 8. e5 Nd5 9. 0-0 Qb6 10. Nc3 b4 11. Ne4 Nc6 12. Bb1 Be7 13. Kh1 h6 14. Qe2 0-0-0 15. Be3 Nxe3 16. Qxe3 f5 17. Ned2 Kb8 18. Nc4 Qa7 19. a3 g5 20. axb4 gxf4 21. Qxf4 Bg5 22. Nxg5 hxg5 23. Qd2 Nxd4 24. Rd1 Nf3 25. Qd6+ Ka8 26. h3 Rxh3+ 27. gxh3 Nh4+ 28. Rd5 Bxd5+ 29. Qxd5+ exd5 30. Nd6 Qf2 31. Rxa6+ Kb8 32. Rb6+ Qxb6 0-1